[Event "ARM-ch Club 2018"]
[Site "Yerevan"]
[Date "2018.06.09"]
[Round "2"]
[White "Hovhannisyan, Robert"]
[Black "Petrosyan, Manuel"]
[Result "0-1"]
[WhiteElo "2625"]
[BlackElo "2551"]
[Annotator "TA"]
[PlyCount "108"]
[EventDate "2018.??.??"]
[EventCountry "ARM"]
[SourceTitle "playchess.com"]
[Source "ChessBase"]
[SourceQuality "1"]

{[%evp 9,108,0,0,0,0,0,0,0,0,3,7,0,9,0,17,0,0,0,9,0,0,0,0,-2,0,0,9,-4,0,-5,-1,-8,0,0,0,0,0,0,0,0,0,0,0,0,0,0,0,0,0,0,0,0,0,0,0,0,0,0,0,0,0,0,0,0,0,0,0,0,0,0,0,-88,-81,-79,-81,-81,-97,-424,-388,-509,-477,-1322,-1343,-1325,-1317,-1339,-1249,-1210,-896,-1700,-1595,-1645,-1627,-1537,-1495,-5297,-5066,-29986,-29987,-29987,-29988]} 1. e4 c6 2. d4 d5 3. exd5 cxd5 4. Nf3 Nc6 5. Bb5 Qa5+ (5... Bg4 6. h3 Bxf3 7. Qxf3 a6 8. Bxc6+ bxc6 9. O-O Nf6 10. c4 g6 11. Nc3 Bg7 12. Bf4 O-O 13. Rad1 {½-½ (59) Caruana,F (2811)-Dreev,A (2653) chess.com INT 2018}) 6. Nc3 {B13: Caro-Kann: Exchange Variation and Panov-Botvinnik Attack} Bg4 7. Bd2 Rc8 $1 8. a4 $146 {The position is equal.} ({Predecessor:} 8. h3 Bd7 9. a3 g6 10. O-O Bh6 11. Re1 Bxd2 12. Qxd2 e6 13. Qe2 {0-1 (46) Isaak,D-Georgiou,A (1745) Cyprus 2012}) 8... Qd8 $1 9. h3 Bxf3 10. Qxf3 e6 11. Ne2 a6 12. Bd3 Nb4 13. O-O Nf6 14. Bxb4 Bxb4 15. g3 Bd6 16. b3 O-O 17. c4 a5 18. Rad1 b6 19. Nc3 Bb4 20. Nb5 Qe7 21. Rc1 dxc4 22. Rxc4 Rxc4 23. Bxc4 Qd7 24. Kg2 h6 25. Rc1 Rc8 26. Rc2 Ne8 27. Bd3 Rxc2 28. Bxc2 Nf6 29. Be4 Nxe4 30. Qxe4 h5 31. Qa8+ Kh7 32. Kg1 f6 33. Qf3 Kg6 34. Kg2 Be7 35. Qe4+ f5 36. Qd3 Bf6 37. Kg1 h4 38. g4 Qd5 39. Kf1 Kh6 40. Qe3+ {[#]} (40. Nc7 $11 Qd6 41. Nb5) 40... Bg5 $1 $17 {[%cal Rg5e3]} 41. f4 Qh1+ 42. Ke2 Qh2+ 43. Kd3 $2 {[%mdl 8192]} (43. Ke1 $17 {is tougher.} Qxf4 44. Qxf4 Bxf4 45. gxf5 exf5 46. Kf2) 43... Bxf4 $19 44. Qxe6+ g6 45. Qf6 (45. Nc3 $142 Qxh3+ 46. Kc4) 45... Qxh3+ 46. Kc4 Qxg4 47. Nc3 h3 48. Kb5 Kh5 49. Nd5 Qe2+ 50. Kxb6 Bg5 51. Qh8+ Kg4 52. Qg8 h2 53. Qxg6 h1=Q 54. Nf6+ Kf4 {Precision: White = 56%, Black = 92%.} 0-1

[Event "ARM-ch Club 2018"]
[Site "Yerevan"]
[Date "2018.06.09"]
[Round "2"]
[White "Andriasian, Zaven"]
[Black "Kotanjian, Tigran"]
[Result "1-0"]
[WhiteElo "2586"]
[BlackElo "2488"]
[Annotator "TA"]
[PlyCount "89"]
[EventDate "2018.??.??"]
[EventCountry "ARM"]
[SourceTitle "playchess.com"]
[Source "ChessBase"]
[SourceQuality "1"]

{[%evp 12,89,28,17,40,25,31,18,34,26,37,25,37,18,56,47,66,56,62,36,45,0,60,39,64,0,27,14,44,28,48,45,47,29,160,121,153,51,60,52,73,65,74,50,120,88,128,127,212,220,212,162,180,164,319,233,319,317,317,317,313,298,386,404,376,295,285,221,274,274,359,297,476,446,418,341,461,277,447,394]} 1. e4 c5 2. Nf3 d6 3. d4 cxd4 4. Nxd4 Nf6 5. Nc3 a6 6. h3 e6 7. g4 {[%cal Bg2g4,Bg4g5][%mdl 32]} Be7 {B81: Sicilian Scheveningen: Keres Attack} (7... Nfd7 8. Bg2 Be7 9. Nce2 Nc6 10. c3 Nce5 11. O-O Ng6 12. f4 Nh4 13. Bh1 O-O 14. f5 e5 15. Nc2 {0-1 (57) Fedoseev,V (2724)-Grischuk,A (2767) Moscow 2018}) 8. g5 Nfd7 9. Bg2 Nc6 {The position is equal.} 10. h4 Qb6 11. Nb3 Qc7 12. a4 $146 ({Predecessor:} 12. f4 b5 13. Be3 Nb6 14. Qe2 Nc4 15. O-O-O Bd7 16. Kb1 Nxe3 17. Qxe3 {1-0 (43) Fedorchuk,S (2655)-Negi,P (2590) Paris 2009}) 12... b6 13. f4 Bb7 14. Be3 Nc5 15. Nd4 O-O 16. Qe2 Rfe8 (16... Nxd4 $11 17. Bxd4 e5) 17. O-O $1 $14 Bf8 18. Kh1 (18. Rad1 $14) 18... g6 19. Rad1 Bg7 20. Qf2 Rad8 21. Nde2 Ne7 {[%cal Bc6e7,Be7f5,Bf5g7,Bg7h5][%mdl 32]} 22. h5 {[%cal Bh4h5,Bh5h6][%mdl 32]} Qc6 {[#]} (22... gxh5 $11 {remains equal.} 23. f5 exf5) 23. Bd4 $1 $16 Bxd4 24. Qxd4 ({White must play} 24. Nxd4 $16 Qd7 25. hxg6 Nxg6 26. Nde2) 24... Nf5 25. Qf2 {hxg6 is the strong threat.} Ng7 $1 26. h6 Nh5 27. Rd4 d5 (27... f6 $14) 28. Rfd1 Qc7 {[#]} 29. e5 $1 (29. exd5 $6 exd5 30. f5 (30. Bxd5 Ne6 $17) (30. Nxd5 $2 Bxd5 31. Kg1 Bxg2 $19) 30... Ne4 $11) 29... Ne4 (29... Bc6 $16 {was necessary.}) 30. Bxe4 $18 dxe4 31. Qe3 Rxd4 32. Rxd4 Rd8 $2 (32... Rc8 33. Rb4 b5) 33. Rxd8+ ({And not} 33. Nxe4 Rxd4 34. Qxd4 Qc5 $11) 33... Qxd8 34. Kg1 Qc7 35. Kf2 Bd5 36. Qd4 Qc6 37. Ke3 Kf8 38. b3 Ke7 39. Kd2 (39. Nxe4 Qxc2 40. Qb4+ Ke8 $16) 39... Qb7 40. Nd1 b5 41. axb5 axb5 $2 (41... Qxb5 {keeps fighting.} 42. c4 Qb4+ 43. Ndc3 Ba8 44. Qa7+ Qb7 45. Qxb7+ Bxb7) 42. Qc5+ Ke8 43. Ne3 b4 44. Qd6 Qb5 $2 (44... Qd7 45. Qb8+ (45. Qxb4 Bc4+ 46. Ke1 Bxe2 $16) 45... Qd8 46. Qxd8+ (46. Qxb4 Bc4+ 47. Qd6 Bxe2 $14) 46... Kxd8) 45. Ng4 {Precision: White = 70%, Black = 31%.} 1-0

[Event "ARM-ch Club 2018"]
[Site "Yerevan"]
[Date "2018.06.09"]
[Round "2"]
[White "Mikaelyan, Arman"]
[Black "Manukyan, Sargis V"]
[Result "1/2-1/2"]
[WhiteElo "2500"]
[BlackElo "2266"]
[Annotator "TA"]
[PlyCount "80"]
[EventDate "2018.??.??"]
[EventCountry "ARM"]
[SourceTitle "playchess.com"]
[Source "ChessBase"]
[SourceQuality "1"]

{[%evp 14,80,10,25,76,69,76,93,76,51,63,0,-15,-17,-3,-29,-17,-107,-88,-76,-80,-90,-64,-75,-83,-148,-143,-156,-110,-172,-176,-167,-29,-35,-27,-23,-29,-27,0,0,0,0,0,0,0,0,0,0,0,0,0,0,0,0,0,0,0,0,0,0,0,0,0,0,0,0,0,0,0]} 1. d4 Nf6 2. Bg5 e6 3. e4 h6 4. Bxf6 Qxf6 5. c3 b6 (5... d6 6. Bd3 g6 7. Ne2 Bg7 8. O-O O-O 9. f4 Qe7 10. e5 b6 11. Nd2 Bb7 12. Be4 Bxe4 13. Nxe4 Rd8 14. Qe1 {0-1 (62) Moiseenko,A (2667)-Wang,Y (2690) Riadh 2017}) 6. Bd3 {A45: Trompowsky Attack} Bb7 7. Nf3 c5 8. O-O {LiveBook: 10 Games} Nc6 {[#]} (8... cxd4 $11 9. cxd4 Nc6) 9. d5 $1 $16 {[%cal Rd5c6]} Ne5 10. Nxe5 Qxe5 11. f4 Qc7 12. c4 (12. Bc4 $14) 12... g5 $146 ({Predecessor:} 12... O-O-O 13. Nc3 g5 {½-½ (30) Poliakov,M (2400)-Sazonov,A (2220) Yalta 1996}) 13. e5 gxf4 14. Re1 Rg8 15. Be4 (15. Nc3 $11 {remains equal.}) 15... Rg5 16. d6 Qb8 17. Nc3 {aiming for Qf3.} Rxe5 18. Qf3 Bxe4 19. Nxe4 (19. Qxf4 $142 Bg7 20. Rxe4 (20. Nxe4 f5 $17) 20... Rxe4 21. Nxe4) 19... Bg7 $17 20. Rad1 Qd8 21. Qxf4 {[#]} (21. g4 $17) 21... f5 $1 $19 22. Ng3 Qg5 ({Black should play} 22... Rxe1+ $19 23. Rxe1 Kf7) 23. Qf3 $1 $11 {[%cal Rf3a8]} Rb8 {Strongly threatening ...Rxe1+.} 24. Rxe5 $1 Bxe5 {[#]} 25. Nxf5 $1 {[%mdl 512]} Qxf5 (25... Kd8 {keeps more tension.} 26. Re1 Qxf5 27. Rxe5 Qxf3 28. gxf3 Rc8) (25... exf5 26. Re1) 26. Qxf5 {The position is equal.} Bxh2+ 27. Kxh2 {White threatens Qg6+ and mate.} exf5 {[%mdl 4096] Endgame KR-KR} 28. Re1+ Kf7 29. Re7+ Kf6 30. Rxd7 Ke6 31. Rxa7 Kxd6 32. Rh7 b5 33. Rxh6+ Ke5 34. Rh4 b4 35. Rh5 Ke4 36. g4 fxg4 37. Rxc5 b3 38. axb3 Rxb3 39. Rb5 Rxb5 40. cxb5 {White wants to mate with b6.} Kd5 {Precision: White = 56%, Black = 64%.} 1/2-1/2

[Event "ARM-ch Club 2018"]
[Site "Yerevan"]
[Date "2018.06.09"]
[Round "2"]
[White "Harutyunian, Tigran K"]
[Black "Hayrapetyan, Hovik"]
[Result "1/2-1/2"]
[WhiteElo "2499"]
[BlackElo "2454"]
[Annotator "TA"]
[PlyCount "87"]
[EventDate "2018.??.??"]
[EventCountry "ARM"]
[SourceTitle "playchess.com"]
[Source "ChessBase"]
[SourceQuality "1"]

{[%evp 25,87,14,7,11,26,28,8,14,14,11,16,15,14,0,0,10,84,75,78,42,52,41,41,41,50,0,41,41,41,41,43,47,36,22,27,8,16,16,16,16,16,8,16,0,0,0,0,0,0,0,0,0,0,0,0,0,0,0,0,0,0,0,0,0]} 1. d4 d5 2. Nf3 Nf6 3. c4 e6 4. g3 Be7 5. Bg2 O-O 6. Nc3 c6 7. O-O Nbd7 8. Qd3 b6 9. Rd1 Bb7 10. b3 Rc8 11. e4 dxe4 12. Nxe4 c5 13. Nxf6+ Nxf6 14. Bf4 {E07: Closed Catalan: Main Line (5 Nf3 0-0 6 0-0 Nbd7)} cxd4 15. Nxd4 Bxg2 16. Kxg2 Bc5 17. Nb5 {[%cal Bd4b5,Bb5c3,Bc3e4][%mdl 32]} Qe7 18. Qf3 Rfd8 {[#]} 19. Bg5 $146 ({Predecessor:} 19. Rxd8+ Rxd8 20. Rd1 Rxd1 21. Qxd1 a6 {½-½ (50) Oms Pallisse,J (2527)-Cuartas,J (2537) Barcelona 2011}) 19... a6 20. Nc3 {Black must now prevent Ne4.} Bd4 {[#]} (20... h6 $11 {remains equal.} 21. Bxf6 Qxf6) 21. Ne4 $1 $16 {Threatens to win with Rxd4!} Be5 22. Rxd8+ (22. Rac1 {with more complications.} Rxd1 23. Rxd1 Rd8 24. Rxd8+ Qxd8 25. b4) 22... Rxd8 23. Rd1 Rxd1 24. Qxd1 Qc7 25. Bxf6 (25. Nxf6+ {feels hotter.} Bxf6 26. Be3 Bd8 27. Qf3 a5 28. Qe4) 25... Bxf6 (25... gxf6 {looks sharper.} 26. g4 Kg7 27. h4 b5 28. c5 f5) 26. Nxf6+ gxf6 $14 {[%mdl 4096] Endgame KQ-KQ} 27. Qd4 Qc6+ 28. Kg1 e5 29. Qd3 a5 30. h4 Kg7 {The position is equal.} 31. Kh2 h6 32. Kg1 Qe6 33. Kg2 Qc6+ 34. f3 Qc5 35. Qd2 Qa3 36. Kf2 Qc5+ 37. Kg2 f5 38. Qd3 Qa3 39. Qd2 Qc5 40. Qd3 Qa3 41. Qd2 Qc5 42. Qd7 Qa3 43. Qd2 Qc5 44. Qd3 {Precision: White = 57%, Black = 80%.} 1/2-1/2

[Event "ARM-ch Club 2018"]
[Site "Yerevan"]
[Date "2018.06.09"]
[Round "2"]
[White "Minasian, Artashes"]
[Black "Ter-Sahakyan, Samvel"]
[Result "1/2-1/2"]
[WhiteElo "2483"]
[BlackElo "2546"]
[Annotator "TA"]
[PlyCount "45"]
[EventDate "2018.??.??"]
[EventCountry "ARM"]
[SourceTitle "playchess.com"]
[Source "ChessBase"]
[SourceQuality "1"]

{[%evp 9,45,-47,6,-4,19,19,19,19,22,18,29,23,33,8,43,45,54,52,78,56,61,58,66,45,54,38,18,6,15,0,5,0,0,0,23,7,23,26]} 1. Nf3 d5 2. b3 Bg4 3. Bb2 Bxf3 4. gxf3 Nf6 (4... Nd7 5. c4 c6 6. e3 Ngf6 7. Nc3 e6 8. d4 g6 9. Be2 Bg7 10. Qc2 a6 11. h4 b5 12. a4 bxc4 13. bxc4 {0-1 (57) Radjabov,T (2734)-Wojtaszek,R (2744) Beijing 2014}) 5. h4 $146 ({Predecessor:} 5. e3 Nbd7 6. c4 c6 7. f4 g6 8. Qc2 Bg7 9. h4 O-O 10. Be2 b5 11. h5 bxc4 12. f5 {0-1 (22) Tisdall,J (2402)-Tari,A (2603) Bergen 2018}) 5... Nc6 (5... c5 $15) 6. f4 {A06: Réti Opening:1 Nf3 d5} g6 7. h5 Rg8 8. hxg6 {The position is equal.} hxg6 9. e3 Bg7 10. Bg2 Qd6 11. d4 e6 12. Nd2 Ne7 13. Qe2 a5 14. c4 c6 15. a4 Nf5 16. Ba3 Qc7 17. Rc1 Bf8 18. Bxf8 Kxf8 19. Qd3 Kg7 20. Ke2 Rh8 21. Nf3 Rxh1 22. Rxh1 Rh8 23. Rxh8 {Precision: White = 71%, Black = 31%.} 1/2-1/2

[Event "ARM-ch Club 2018"]
[Site "Yerevan"]
[Date "2018.06.09"]
[Round "2"]
[White "Baghdasaryan, Vahe"]
[Black "Sargsyan, Shant"]
[Result "1-0"]
[WhiteElo "2406"]
[BlackElo "2499"]
[Annotator "TA"]
[PlyCount "79"]
[EventDate "2018.??.??"]
[EventCountry "ARM"]
[SourceTitle "playchess.com"]
[Source "ChessBase"]
[SourceQuality "1"]

{[%evp 12,79,27,0,0,0,0,0,60,10,22,-22,-23,-51,-39,-70,-56,-63,-48,-83,-51,-88,-30,-40,-33,-52,-41,-120,-127,-262,-258,-257,-250,-246,-259,-258,-271,-293,-178,-200,-205,-172,-169,-174,-149,-158,-145,-191,-28,-28,131,122,113,122,130,0,0,-249,123,125,1685,1711,1493,1450,29987,1735,29990,29991,29991,29992]} 1. c4 e5 2. Nc3 Nf6 3. Nf3 Nc6 4. e4 (4. d3 d5 5. cxd5 Nxd5 6. e4 Nf6 7. Be2 Bc5 8. O-O O-O 9. Be3 Bb6 10. Na4 Bg4 11. Rc1 Bxf3 12. Bxf3 Nd4 13. Nc5 Rb8 14. Rc4 Nxf3+ 15. Qxf3 {1-0 (53) Caruana,F (2822)-Karjakin,S (2782) Stavanger 2018}) 4... Bd6 5. d4 exd4 6. Nxd4 {A28: English Opening: Four Knights Variation} Bb4 $146 ({Predecessor:} 6... a6) 7. f3 {LiveBook: 3 Games} O-O 8. Be2 {The position is equal.} Bxc3+ 9. bxc3 Ne5 (9... d6 $11) 10. O-O (10. f4 $5 {[%cal Rf4e5]} Ng6 11. e5 $14) 10... d6 11. g4 Re8 12. g5 Nfd7 $1 13. Nf5 Nc5 14. Ng3 Ng6 15. Nh5 Qe7 16. Be3 {[#]} b6 (16... Nxe4 $1 $17 {[%mdl 512]} 17. fxe4 Qxe4) 17. Qd4 $11 {[%csl Gh5][%cal Rd4g7]} Qf8 18. Rae1 Bb7 19. Bd1 ({White should play} 19. Qd1 $15) 19... Ne5 $36 {[%mdl 2048] Keeping White busy.} 20. Bc2 {[#]} (20. Bf4 $17 {is a better defense.}) 20... Ncd3 $1 $19 {[%cal Rd3e1][%mdl 512]} 21. Bd2 ({But not} 21. Bxd3 $2 c5 $19) 21... c5 22. Qe3 Nxe1 23. Bxe1 Nxc4 24. Qf4 Ne5 {White must now prevent ...Ba6.} 25. c4 Ba6 26. Bc3 Bxc4 27. Rf2 b5 {[%cal Bb6b5,Bb5b4][%mdl 32] Hoping for ...b4.} 28. Qg3 b4 29. Ba1 {intending f4.} Bxa2 $2 (29... Re6 $1 $19 30. f4 g6 31. Nf6+ Rxf6 $1 {[%mdl 512]} 32. gxf6 Nd7) 30. f4 $11 Rad8 $2 ({Better is} 30... Bc4 $11 31. fxe5 dxe5 32. Bxe5 Rxe5 $1 {[%mdl 512]} 33. Qxe5 Re8) 31. Ba4 $1 $16 Re6 {aiming for ...Bc4.} 32. Rxa2 c4 {[#] With the idea ...g6.} 33. fxe5 ({White has to play} 33. Rf2 $1 $16) 33... dxe5 $11 {...b3 is the strong threat.} 34. Rf2 $2 {[#]} (34. Kg2 $1 $11 Rd3 35. Qg4) 34... c3 $2 ({Inferior is} 34... Ra6 35. Bxe5 Rxa4 36. Nxg7 $16) (34... Rd3 $1 $19 {[%cal Rd3g3]} 35. Qg4 Ra3) 35. Bb3 $16 Re7 $2 {[%mdl 8192] [#]} (35... Ra6 $16 36. Bxc3 (36. Rxf7 Qc5+ 37. Kg2 Kh8 $16) (36. Bxf7+ Kh8 $16) 36... bxc3) 36. Nf6+ $1 $18 {[%mdl 512]} Kh8 {[#]} (36... gxf6 37. gxf6+) 37. Nxh7 $1 {[%mdl 512] White wants to mate with Qh4.} c2 (37... Kxh7 38. g6+) 38. Bxc2 (38. Nxf8 $142 c1=Q+ 39. Rf1 Qc5+ 40. Kh1 Kg8 41. Qh3 Re6 42. Bxe6 Rd1 43. Rxd1) 38... Kxh7 {[#]} 39. g6+ $1 {[%mdl 512]} Kg8 (39... fxg6 40. Qh4+) 40. Qh4 {Precision: White = 40%, Black = 30%.} 1-0

[Event "ARM-ch Club 2018"]
[Site "Yerevan"]
[Date "2018.06.09"]
[Round "2"]
[White "Danielyan, Vahe"]
[Black "Hakobyan, Romik"]
[Result "1-0"]
[WhiteElo "2387"]
[BlackElo "2062"]
[Annotator "NA"]
[PlyCount "79"]
[EventDate "2018.??.??"]
[EventCountry "ARM"]
[SourceTitle "playchess.com"]
[Source "ChessBase"]
[SourceQuality "1"]
[TimeControl "5400+30"]

1. e4 {[%emt 0:00:27]} e5 {[%emt 0:00:41]} 2. Nf3 {[%emt 0:00:22]} Nc6 {[%emt 0:00:14]} 3. Nc3 {[%emt 0:00:26]} g6 {[%emt 0:02:51]} 4. h4 {[%emt 0:00:32] C46: 3 Nc3: Unusual Black 3rd moves} (4. d4 exd4 5. Nxd4 Bg7 6. Be3 Nge7 7. Qd2 O-O 8. O-O-O d6 9. h4 h5 10. f3 Ne5 11. Bh6 b5 12. Bxg7 Kxg7 13. Bxb5 Rb8 14. g4 hxg4 15. h5 Rh8 16. f4 {1-0 (36) Kobalia,M (2651)-Mamedyarov,S (2753) Khanty-Mansiysk 2013}) 4... Nf6 {[%emt 0:04:30]} 5. Bc4 {[%emt 0:04:57]} Bg7 {[%emt 0:01:17]} 6. Ng5 {[%emt 0:05:27]} O-O {[%emt 0:17:26]} 7. h5 {[%emt 0:04:10]} Na5 $146 {[%emt 0:08:02]} ({Predecessor:} 7... d5 8. exd5 Na5 9. Be2 Nxd5 10. hxg6 hxg6 11. d3 Nf4 12. Bxf4 exf4 {0-1 (32) Copley,J-McMillan,N England 1994}) 8. hxg6 {[%emt 0:05:11]} Nxc4 {[%emt 0:05:42]} 9. gxf7+ {[%emt 0:00:09]} Rxf7 {[%emt 0:02:43]} 10. Nxf7 {[%emt 0:00:06]} Kxf7 {[%emt 0:00:05]} 11. d3 {[%emt 0:00:03]} Nb6 {[%emt 0:04:57]} 12. Bg5 {[%emt 0:00:25]} Kg8 {[%emt 0:08:45]} 13. f4 {[%emt 0:00:40]} exf4 {[%emt 0:05:55]} 14. Qd2 {[%emt 0:07:01]} d6 {[%emt 0:07:42]} (14... Qe8 $1 $11) 15. O-O-O {[%emt 0:02:24]} Qe8 {[%emt 0:03:02]} 16. Qxf4 {[%emt 0:02:09]} Qg6 {[%emt 0:01:43]} 17. Rdf1 {[%emt 0:00:29]} Ng4 $1 {[%emt 0:01:38]} 18. a4 {[%emt 0:11:12]} Be6 {[%emt 0:02:05]} 19. a5 {[%emt 0:02:31]} Nd7 {[%emt 0:01:39]} 20. Nd5 {[%emt 0:06:25]} Bxd5 {[%emt 0:02:53]} 21. exd5 {[%emt 0:02:08]} Nde5 {[%emt 0:03:49]} 22. Qd2 {[%emt 0:05:49]} Rf8 {[%emt 0:04:06]} 23. Rxf8+ {[%emt 0:00:41]} Bxf8 {[%emt 0:00:02]} 24. Kb1 {[%emt 0:01:02]} Qf5 {[%emt 0:01:04]} 25. Bd8 {[%emt 0:01:25]} Qd7 {[%emt 0:02:05]} 26. Bh4 {[%emt 0:01:21]} Bg7 {[%emt 0:00:56]} 27. Qb4 {[%emt 0:00:48]} b6 {[%emt 0:01:13]} 28. a6 {[%emt 0:00:39]} Ng6 {[%emt 0:01:12]} 29. Bg5 {[%emt 0:02:49]} Nf6 {[%emt 0:01:42]} 30. Qc4 {[%emt 0:02:20]} Ng4 {[%emt 0:02:32]} 31. Re1 {[%emt 0:01:07]} N4e5 {[%emt 0:00:18]} 32. Qe4 {[%emt 0:00:18]} c5 {[%emt 0:01:55]} 33. dxc6 $1 {[%emt 0:01:35]} Qxc6 {[%emt 0:00:24]} 34. Qxc6 {[%emt 0:00:37]} Nxc6 {[%emt 0:00:05] [#]} 35. Re8+ $1 {[%emt 0:00:05]} Kf7 $18 {[%emt 0:00:30] [#]} 36. Rc8 $1 {[%emt 0:00:37]} Nge5 {[%emt 0:01:43]} 37. c3 {[%emt 0:01:23]} Na5 {[%emt 0:01:02]} 38. b4 {[%emt 0:01:19]} Nac6 {[%emt 0:00:30]} 39. d4 {[%emt 0:00:24]} Kg6 {[%emt 0:00:12]} 40. dxe5 {[%emt 0:00:26]} 1-0

[Event "ARM-ch Club 2018"]
[Site "Yerevan"]
[Date "2018.06.09"]
[Round "2"]
[White "Davtyan, Artur"]
[Black "Petrosian, Davit G"]
[Result "0-1"]
[WhiteElo "2349"]
[BlackElo "2400"]
[Annotator "TA"]
[PlyCount "88"]
[EventDate "2018.??.??"]
[EventCountry "ARM"]
[SourceTitle "playchess.com"]
[Source "ChessBase"]
[SourceQuality "1"]

{[%evp 13,88,38,46,51,49,56,59,60,63,58,63,-14,-14,-14,-14,-15,-20,-15,-14,-17,-18,-19,0,-26,0,-76,-72,-85,-94,-93,-84,-118,-8,-14,-17,-18,-10,-16,7,13,14,-13,-13,-16,0,0,49,49,37,41,44,39,37,5,12,2,18,-18,18,1,6,8,7,-38,-46,-50,-48,-768,-754,-819,-819,-819,-819,-29988,-29989,-29989,-29990]} 1. d4 Nf6 2. c4 g6 3. Nc3 Bg7 4. e4 d6 5. Nf3 O-O 6. Be2 c5 7. O-O Re8 8. Be3 {E91: King's Indian: Classical: 6 Be2, unusual replies including 6...c5 and 6...Bg4} Ng4 9. Bg5 h6 10. Bc1 $1 {White is slightly better.} Nf6 (10... Nd7 11. h3 cxd4 12. Nxd4 Ngf6 13. Be3 b6 14. Qd2 h5 15. Bh6 Bb7 16. Bxg7 Kxg7 {½-½ (42) Giri,A (2764)-Carlsen,M (2851) Leuven 2017}) 11. dxc5 dxc5 12. Qxd8 $146 (12. Be3 $14) ({Predecessor:} 12. Be3 Qxd1 13. Raxd1 Nfd7 14. Nb5 Na6 15. b3 g5 {1-0 (40) Bukavshin,I (2657)-Morozevich,A (2692) Moscow 2015}) 12... Rxd8 $11 13. Be3 b6 14. Rad1 Rxd1 15. Rxd1 Nc6 {[%cal Bb8c6,Bc6b4,Bb4a2][%mdl 32]} 16. h3 Be6 17. b3 g5 18. Nd2 Nb4 19. Nb5 (19. f4 $11 {remains equal.}) 19... Ne8 $17 20. Nb1 Nxa2 21. Rd2 {[#]} Nb4 $1 22. h4 Nc6 (22... g4 $17 {White should prevent ...f5.} 23. f4 h5) 23. hxg5 $11 hxg5 24. Bxg5 a6 25. N5c3 Nd4 26. Bd1 Kf8 27. Na4 Nd6 28. Nbc3 $1 Rb8 29. Bf4 f5 (29... Bd7 $5 {[%cal Re7e5]}) 30. exf5 Bxf5 31. Nd5 e5 32. Be3 b5 33. Nxc5 (33. cxb5 {seems wilder.} Rxb5 34. Ndc3 Ra5 35. Rb2 Bd3 36. Ra2) 33... bxc4 34. Nxa6 Rb5 35. Nac7 Rxb3 36. Bxb3 cxb3 37. Rb2 {[#] Black must now prevent Bxd4.} Bc2 {Strongly threatening ...Nc4.} 38. Nb6 Kf7 {[%mdl 1024] aiming for ...e4. Black has compensation.} 39. Kf1 $1 e4 {...Bd3+ is the strong threat.} 40. Na6 $2 {[%mdl 8192]} (40. Bc1 $15) 40... Bd3+ $19 41. Ke1 Nc2+ (41... Bxa6 $2 42. Bxd4 Bxd4 43. Rxb3 $19) 42. Rxc2 bxc2 43. f3 Bc3+ 44. Kf2 Nf5 {Precision: White = 46%, Black = 69%.} 0-1

[Event "ARM-ch Club 2018"]
[Site "Yerevan"]
[Date "2018.06.09"]
[Round "2"]
[White "Poghosyan, Suren"]
[Black "Hakobyan, Aram"]
[Result "0-1"]
[WhiteElo "2297"]
[BlackElo "2542"]
[Annotator "TA"]
[PlyCount "134"]
[EventDate "2018.??.??"]
[EventCountry "ARM"]
[SourceTitle "playchess.com"]
[Source "ChessBase"]
[SourceQuality "1"]

{[%evp 18,134,0,0,2,0,20,18,17,20,24,27,22,-13,6,15,71,0,0,0,0,0,0,0,0,0,0,0,0,0,0,0,0,0,0,-2,-2,-2,0,0,0,0,0,0,0,0,0,0,0,0,0,0,0,0,0,0,0,0,0,0,0,0,0,0,-2,-4,0,0,0,0,0,0,0,0,0,0,0,0,0,0,0,0,0,0,0,0,0,0,0,0,0,0,-7,-904,-719,-580,-579,-1394,-1212,-984,-50,-50,-67,-190,-164,-149,-135,-12835,-8258,-6905,-6621,-6127,-5704,-5704,-5675,-4802,-4802,-29987,-29987]} 1. d4 Nf6 2. c4 e6 3. Nc3 Bb4 4. e3 O-O 5. Nge2 c6 (5... d5 6. a3 Be7 7. cxd5 exd5 8. g3 Re8 9. Bg2 a5 10. O-O Na6 11. h3 c6 12. g4 Nc7 13. Ng3 Nd7 14. f4 b5 15. e4 dxe4 16. Ncxe4 Ra6 {½-½ (86) Svidler,P (2760)-Karjakin,S (2763) Moscow 2018}) 6. a3 {E46: Nimzo-Indian: Rubinstein: 4 e3 0-0 5 Ne2 without early Bd3} Ba5 7. Ng3 d5 8. Bd3 Nbd7 9. O-O dxc4 10. Bxc4 {LiveBook: 9 Games} e5 11. Ba2 Bc7 12. d5 cxd5 13. Nxd5 Nxd5 14. Bxd5 $146 ({Predecessor:} 14. Qxd5) 14... Nf6 15. Ba2 e4 16. Bd2 Ng4 (16... Be5 $11 {keeps the balance.}) 17. Be1 (17. Qc2 $16) 17... Bxg3 $11 18. fxg3 Qxd1 19. Rxd1 Be6 20. Bxe6 fxe6 21. Rxf8+ Rxf8 {[%mdl 4096] Endgame KRB-KRN} 22. Bb4 Rc8 23. Bc3 Rc7 24. Rd4 Nxe3 25. Rxe4 Nd5 26. Rxe6 (26. Bd4 {is interesting.} Rc4 27. b3 Rc1+ 28. Kf2 Kf7 29. Re1) 26... Nxc3 27. bxc3 Rxc3 {KR-KR} 28. Re7 Rb3 29. a4 a5 30. g4 h6 31. Kf2 Kh7 32. h3 Kg6 33. Rc7 Kf6 34. h4 Rb4 35. Kg3 b6 36. Rb7 Rb3+ 37. Kh2 g6 38. Rc7 Re3 39. Rb7 Re6 40. Rh7 Re4 41. Rb7 Rb4 42. Kh3 Rb3+ 43. Kh2 g5 44. h5 Ke5 45. g3 Ke4 46. Rf7 Rf3 47. Re7+ Kd5 48. Rd7+ Ke5 49. Re7+ Kd6 50. Rb7 Kc5 {Strongly threatening ...Rf6.} 51. Rc7+ $1 Kd5 52. Rd7+ Ke5 53. Re7+ Kd6 54. Rb7 Kc6 55. Rg7 $2 {[%mdl 8192] [#]} (55. Re7 $11) 55... Rf6 $19 56. Rg6 Rd6 57. Kg2 Kd5 58. Kf3 Rc6 $2 (58... Kc5 $19 59. Ke4 Rc6) 59. Ke3 $15 Kc5 60. Ke4 (60. Kd3 $15) 60... b5 $19 61. axb5 Kxb5 {And now ...a4 would win.} 62. Rg8 $2 {[%mdl 8192] [#]} (62. Kd5 $17 Rb6 63. Kd4) 62... a4 $1 {[%cal Ra4a3]} 63. Ra8 Ra6 64. Rb8+ Rb6 65. Ra8 Kb4 66. Rg8 a3 67. Rg6 Kb5 {Precision: White = 60%, Black = 72%.} 0-1